[Event "Garde-ch"]
[Site "Ufa"]
[Date "2015.04.12"]
[Round "6.1"]
[White "Abzalov, Lev"]
[Black "Poluektov, Danil"]
[Result "1-0"]
[WhiteElo "1867"]
[BlackElo "1390"]
[PlyCount "81"]
[EventDate "2015.04.14"]
[EventType "tourn"]
[EventRounds "14"]
[EventCountry "RUS"]
[SourceTitle "EXT 2022"]
[Source "ChessBase"]
[SourceDate "2021.10.06"]
[SourceVersion "1"]
[SourceVersionDate "2021.10.06"]
[SourceQuality "1"]

1. d4 d5 2. c4 e6 3. Nc3 Nf6 4. Bg5 Bb4 5. e3 h6 6. Bh4 b6 7. Qa4+ Nc6 8. Qxc6+ Bd7 9. Qb7 Rb8 10. Qa6 0-0 11. a3 Bxc3+ 12. bxc3 Qe8 13. Bxf6 gxf6 14. cxd5 b5 15. dxe6 fxe6 16. Qxa7 Qc8 17. Qc5 Qb7 18. Qh5 Kh7 19. Bd3+ f5 20. Nf3 Bc6 21. Ne5 Rg8 22. Qf7+ Rg7 23. Qxe6 Kh8 24. Qxh6+ Kg8 25. Qxc6 Qxc6 26. Nxc6 Rf8 27. Kd2 Rxg2 28. Rhg1 Rxg1 29. Rxg1+ Kh7 30. Bxb5 f4 31. e4 f3 32. a4 Ra8 33. a5 Kh6 34. a6 Kh5 35. a7 Kh4 36. Rg3 Kh5 37. Ba6 Rf8 38. Nb8 c5 39. a8Q cxd4 40. Qd5+ Kh4 41. Qg5# 1-0